[Event "POL-chT 2nd League"]
[Site "Lublin"]
[Date "2006.09.05"]
[Round "4.24"]
[White "Bukowska, Katarzyna"]
[Black "Wierzbicka, Ewa"]
[Result "1-0"]
[WhiteElo "2018"]
[BlackElo "1987"]
[PlyCount "79"]
[EventDate "2006.09.02"]
[EventType "team-swiss"]
[EventRounds "9"]
[EventCountry "POL"]
[SourceTitle "EXT 2019"]
[Source "ChessBase"]
[SourceDate "2018.10.10"]
[SourceVersion "1"]
[SourceVersionDate "2018.10.10"]
[SourceQuality "1"]
[WhiteTeam "Pruszcz Jantar"]
[BlackTeam "Lublin Drakon"]
[WhiteTeamCountry "POL"]
[BlackTeamCountry "POL"]

1. e4 g6 2. d4 Bg7 3. Nc3 d6 4. f4 Nf6 5. Nf3 0-0 6. Bc4 e6 7. 0-0 Nc6 8. Bb3 Na5 9. Kh1 Nxb3 10. axb3 d5 11. e5 Nd7 12. Be3 b6 13. b4 Bb7 14. Qe1 a6 15. Ne2 Qe7 16. Nh4 f5 17. Nf3 c5 18. bxc5 bxc5 19. dxc5 Rfc8 20. b4 Nb8 21. Ned4 Nc6 22. Qd2 Bf8 23. c3 Qd7 24. Ra2 Be7 25. Rfa1 Nd8 26. h3 Kg7 27. Bf2 h6 28. Bh4 Bxh4 29. Nxh4 Kf7 30. Qe3 Kg7 31. Nhf3 Kf7 32. Nd2 Rc7 33. N2b3 Qc8 34. Na5 Nc6 35. Naxc6 Bxc6 36. b5 axb5 37. Nxb5 Bxb5 38. Rxa8 Qd7 39. Rb8 Bc6 40. Rb6 1-0

[Event "POL-chT 2nd League"]
[Site "Lublin"]
[Date "2006.09.04"]
[Round "3.36"]
[White "Wierzbicka, Ewa"]
[Black "Rzepecka, Dorota"]
[Result "1-0"]
[WhiteElo "1987"]
[BlackElo "1923"]
[PlyCount "120"]
[EventDate "2006.09.02"]
[EventType "team-swiss"]
[EventRounds "9"]
[EventCountry "POL"]
[SourceTitle "EXT 2019"]
[Source "ChessBase"]
[SourceDate "2018.10.10"]
[SourceVersion "1"]
[SourceVersionDate "2018.10.10"]
[SourceQuality "1"]
[WhiteTeam "Lublin Drakon"]
[BlackTeam "Miedzyborow Wrzos"]
[WhiteTeamCountry "POL"]
[BlackTeamCountry "POL"]

1. Nf3 d5 2. g3 Nf6 3. Bg2 c6 4. d3 Bg4 5. h3 Bxf3 6. Bxf3 e5 7. 0-0 Bc5 8. Nc3 0-0 9. e4 d4 10. Ne2 Be7 11. Bg2 c5 12. f4 Nfd7 13. f5 Nc6 14. Kh2 Bg5 15. Ng1 Na5 16. Nf3 Bxc1 17. Rxc1 Rc8 18. f6 Rc6 19. fxg7 Kxg7 20. Nh4 Kh8 21. Qh5 Rf6 22. Rxf6 Qxf6 23. Rf1 Qg7 24. Rf5 f6 25. Qf3 Nc6 26. Bf1 Ne7 27. Rh5 Rg8 28. Be2 Nf8 29. Qf2 Nfg6 30. Bg4 Nxh4 31. Rxh4 Rf8 32. Be6 Qg5 33. Rg4 Qc1 34. b3 b6 35. a4 Qh6 36. Rh4 Qg6 37. g4 Qg7 38. Rh5 Rb8 39. Bf5 Nxf5 40. Rxf5 Rf8 41. g5 Kg8 42. gxf6 Qh6 43. f7+ Kh8 44. Qg3 Qe6 45. Qxe5+ Qxe5+ 46. Rxe5 Rxf7 47. Kg3 Kg7 48. Rg5+ Kh6 49. Rg8 Rf1 50. Ra8 Rc1 51. Rxa7 Rxc2 52. Rb7 Rc3 53. Rxb6+ Kg5 54. h4+ Kh5 55. e5 Rxd3+ 56. Kf4 Rd1 57. a5 d3 58. e6 d2 59. Ke3 Ra1 60. Kxd2 Rxa5 1-0

[Event "POL-chT 1st League"]
[Site "Jarnoltowek"]
[Date "2005.09.09"]
[Round "7.24"]
[White "Michna, Marta"]
[Black "Wierzbicka, Ewa"]
[Result "1-0"]
[WhiteElo "2410"]
[BlackElo "2008"]
[PlyCount "55"]
[EventDate "2005.09.03"]
[EventType "team-tourn"]
[EventRounds "9"]
[EventCountry "POL"]
[SourceTitle "EXT 2019"]
[Source "ChessBase"]
[SourceDate "2018.10.10"]
[SourceVersion "1"]
[SourceVersionDate "2018.10.10"]
[SourceQuality "1"]
[WhiteTeam "Dankowice Pasjonat"]
[BlackTeam "Lublin Drakon SKOK Chmielewskiego"]
[WhiteTeamCountry "POL"]
[BlackTeamCountry "POL"]

1. d4 g6 2. e4 Bg7 3. Nf3 d6 4. Nc3 Nf6 5. Bc4 0-0 6. e5 dxe5 7. Nxe5 Nbd7 8. 0-0 c5 9. Nxd7 Nxd7 10. dxc5 Nxc5 11. Qe2 Be6 12. Be3 Bxc4 13. Qxc4 Ne6 14. Nd5 Re8 15. Rad1 Qc8 16. Qb3 Qc6 17. c3 b6 18. Qb4 Bf8 19. Qe4 Rec8 20. b3 Nc5 21. Qh4 Nd7 22. Bg5 e6 23. Ne7+ Bxe7 24. Bxe7 f6 25. Bb4 a5 26. Rd6 Qc7 27. Rfd1 Nf8 28. Ba3 1-0

[Event "POL-chT 2nd League"]
[Site "Polanica Zdroj"]
[Date "2004.09.10"]
[Round "9"]
[White "Wesolowska, Hanna"]
[Black "Wierzbicka, Ewa"]
[Result "1/2-1/2"]
[WhiteElo "2079"]
[BlackElo "2020"]
[PlyCount "50"]
[EventDate "2004.09.04"]
[EventType "team-swiss"]
[EventRounds "11"]
[EventCountry "POL"]
[SourceTitle "CBM 102 Extra"]
[Source "ChessBase"]
[SourceDate "2004.11.03"]
[SourceVersion "1"]
[SourceVersionDate "2004.11.03"]
[SourceQuality "1"]
[WhiteTeam "Pawlowice GKS Pniowek 74"]
[BlackTeam "Lublin Drakon"]
[WhiteTeamCountry "POL"]
[BlackTeamCountry "POL"]

1. d4 g6 2. Nf3 Bg7 3. Bf4 d6 4. e3 c5 5. c3 Nd7 6. Nbd2 Ngf6 7. h3 0-0 8. Be2 b6 9. 0-0 Bb7 10. Bh2 Ne8 11. Qb3 e5 12. dxe5 dxe5 13. Rfd1 e4 14. Ne1 Qe7 15. Nc4 Bc6 16. Nd6 Ne5 17. Nxe8 Rfxe8 18. Bb5 Qb7 19. Bxe5 Bxe5 20. Bxc6 Qxc6 21. Qd5 Qxd5 22. Rxd5 Rad8 23. Rad1 Rxd5 24. Rxd5 Re7 25. Nc2 Kg7 1/2-1/2

[Event "POL-chT 2nd League"]
[Site "Polanica Zdroj"]
[Date "2004.09.06"]
[Round "3"]
[White "Sosnowska, Elzbieta"]
[Black "Wierzbicka, Ewa"]
[Result "1/2-1/2"]
[WhiteElo "2030"]
[BlackElo "2020"]
[PlyCount "56"]
[EventDate "2004.09.04"]
[EventType "team-swiss"]
[EventRounds "11"]
[EventCountry "POL"]
[SourceTitle "CBM 102 Extra"]
[Source "ChessBase"]
[SourceDate "2004.11.03"]
[SourceVersion "1"]
[SourceVersionDate "2004.11.03"]
[SourceQuality "1"]
[WhiteTeam "Pultusk Nadnarwianka"]
[BlackTeam "Lublin Drakon"]
[WhiteTeamCountry "POL"]
[BlackTeamCountry "POL"]

1. e4 c5 2. Nf3 d6 3. d4 cxd4 4. Nxd4 Nf6 5. Nc3 a6 6. f4 e5 7. Nf3 Qc7 8. Bd3 Be7 9. 0-0 0-0 10. a4 b6 11. Qe2 Bb7 12. fxe5 dxe5 13. Bd2 Nbd7 14. Nh4 Nc5 15. Nf5 Nxd3 16. cxd3 Bc5+ 17. Kh1 Ne8 18. Qg4 f6 19. Rf3 Nd6 20. Rh3 Nxf5 21. exf5 Rad8 22. Qh4 h6 23. Bxh6 gxh6 24. Rg3+ Kh7 25. Rh3 Qg7 26. Rg3 Qc7 27. Rh3 Qg7 28. Rg3 Qc7 1/2-1/2

[Event "POL-chT 2nd League"]
[Site "Polanica Zdroj"]
[Date "2004.09.04"]
[Round "1"]
[White "Woniak, Katarzyna"]
[Black "Wierzbicka, Ewa"]
[Result "0-1"]
[WhiteElo "1997"]
[BlackElo "2020"]
[PlyCount "64"]
[EventDate "2004.09.04"]
[EventType "team-swiss"]
[EventRounds "11"]
[EventCountry "POL"]
[SourceTitle "CBM 102 Extra"]
[Source "ChessBase"]
[SourceDate "2004.11.03"]
[SourceVersion "1"]
[SourceVersionDate "2004.11.03"]
[SourceQuality "1"]
[WhiteTeam "Turek Tecza"]
[BlackTeam "Lublin Drakon"]
[WhiteTeamCountry "POL"]
[BlackTeamCountry "POL"]

1. d4 g6 2. c4 Bg7 3. Nc3 c5 4. d5 Bxc3+ 5. bxc3 f5 6. Qc2 Qa5 7. f3 Nf6 8. Rb1 d6 9. Nh3 Nbd7 10. e4 fxe4 11. fxe4 Ne5 12. Ng5 b6 13. Be2 Ba6 14. Ne6 Kd7 15. Rb3 Bxc4 16. Ra3 Qb5 17. Bxc4 Qxc4 18. Ra4 Qd3 19. Qxd3 Nxd3+ 20. Kd2 Nf2 21. Re1 b5 22. Ra5 N2xe4+ 23. Kc2 a6 24. g4 Nf2 25. c4 N2xg4 26. cxb5 axb5 27. Rxb5 Nxd5 28. h3 Ne5 29. a3 Kxe6 30. Bb2 Rhf8 31. Bxe5 dxe5 32. Rxc5 Rac8 0-1

[Event "Karvina op"]
[Site "Karvina"]
[Date "1994.??.??"]
[Round "?"]
[White "Wierzbicka, Ewa"]
[Black "Jaracz, Pawel"]
[Result "0-1"]
[WhiteElo "2025"]
[BlackElo "2370"]
[PlyCount "48"]
[EventDate "1994.??.??"]
[EventType "swiss"]
[EventRounds "9"]
[EventCountry "CZE"]
[SourceTitle "EXT 2004"]
[Source "ChessBase"]
[SourceDate "2003.11.25"]
[SourceVersion "1"]
[SourceVersionDate "2003.11.25"]
[SourceQuality "1"]

1. e4 c5 2. Nf3 e6 3. d4 cxd4 4. Nxd4 a6 5. Nc3 Qc7 6. Be2 b5 7. a3 Bb7 8. 0-0 Nf6 9. f3 Be7 10. Kh1 0-0 11. Bg5 d6 12. Qe1 Nbd7 13. Rd1 h6 14. Bh4 Rfe8 15. Bg3 Nh5 16. Bxb5 axb5 17. Ndxb5 Nxg3+ 18. Qxg3 Qc6 19. Nxd6 Reb8 20. Ndb5 Ba6 21. a4 Bf6 22. Rd3 Be5 23. Qf2 Nc5 24. Rdd1 Nxa4 0-1

[Event "POL-ch (Women)"]
[Site "Konin"]
[Date "1990.??.??"]
[Round "3"]
[White "Wierzbicka, Ewa"]
[Black "Dabrowska, Krystyna"]
[Result "0-1"]
[WhiteElo "2030"]
[BlackElo "2160"]
[PlyCount "62"]
[EventDate "1990.??.??"]
[EventType "tourn"]
[EventRounds "15"]
[EventCountry "POL"]
[SourceTitle "EXT 1999"]
[Source "ChessBase"]
[SourceDate "1998.11.16"]
[SourceVersion "1"]
[SourceVersionDate "1998.11.16"]
[SourceQuality "1"]

1. e4 e5 2. Nf3 Nc6 3. Bb5 g6 4. c3 a6 5. Ba4 d6 6. d4 Bd7 7. 0-0 Bg7 8. Bg5 f6 9. Be3 Nh6 10. dxe5 Nxe5 11. Nxe5 fxe5 12. f3 Nf7 13. Bxd7+ Qxd7 14. c4 Nd8 15. Nc3 Ne6 16. Qd2 0-0 17. Rfd1 b6 18. Rac1 a5 19. b3 Bf6 20. a3 Qd8 21. Qd5 Qe7 22. Nb5 Kh8 23. b4 axb4 24. axb4 Bg5 25. Bxg5 Nxg5 26. c5 dxc5 27. bxc5 c6 28. Qxc6 Nxf3+ 29. gxf3 Qg5+ 30. Kh1 Ra2 31. Rg1 Qd2 0-1